MyGZULibrary

Kelly's dimensions of professional nursing/ (Record no. 11198)

MARC details
000 -LEADER
fixed length control field 04968cam a22004214a 4500
001 - CONTROL NUMBER
control field 16441967
003 - CONTROL NUMBER IDENTIFIER
control field GZU
005 - DATE AND TIME OF LATEST TRANSACTION
control field 20240403113836.0
008 - FIXED-LENGTH DATA ELEMENTS--GENERAL INFORMATION
fixed length control field 100826r20111985nyua b 001 0 eng
010 ## - LIBRARY OF CONGRESS CONTROL NUMBER
LC control number 2010036817
016 7# - NATIONAL BIBLIOGRAPHIC AGENCY CONTROL NUMBER
Record control number 101539056
Source DNLM
020 ## - INTERNATIONAL STANDARD BOOK NUMBER
International Standard Book Number 9780071740999 (pbk. : alk. paper)
020 ## - INTERNATIONAL STANDARD BOOK NUMBER
International Standard Book Number 0071740996 (pbk. : alk. paper)
022 ## - INTERNATIONAL STANDARD SERIAL NUMBER
International Standard Serial Number No number
035 ## - SYSTEM CONTROL NUMBER
System control number (OCoLC)ocn660509832
040 ## - CATALOGING SOURCE
Original cataloging agency DNLM/DLC
Transcribing agency DLC
Modifying agency YDX
-- BTCTA
-- NLM
-- YDXCP
-- VET
-- BWX
-- DLC
042 ## - AUTHENTICATION CODE
Authentication code pcc
043 ## - GEOGRAPHIC AREA CODE
Geographic area code n-us---
050 00 - LIBRARY OF CONGRESS CALL NUMBER
Classification number RT82
Item number LUC 2011
060 00 - NATIONAL LIBRARY OF MEDICINE CALL NUMBER
Classification number WY 16
Item number LUC 2011
082 00 - DEWEY DECIMAL CLASSIFICATION NUMBER
Classification number 610.73
Edition number 22
100 1# - MAIN ENTRY--PERSONAL NAME
Personal name Joel, Lucille A.
245 10 - TITLE STATEMENT
Title Kelly's dimensions of professional nursing/
Statement of responsibility, etc. Lucille A. Joel.
246 1# - VARYING FORM OF TITLE
Title proper/short title Dimensions of professional nursing
250 ## - EDITION STATEMENT
Edition statement Tenth edition
260 ## - PUBLICATION, DISTRIBUTION, ETC.
Place of publication, distribution, etc. New York:
Name of publisher, distributor, etc. McGraw-Hill Medical,
Date of publication, distribution, etc. c2011.
300 ## - PHYSICAL DESCRIPTION
Extent ix, 625 pages:
Other physical details illustrations;
Dimensions 24 cm.
504 ## - BIBLIOGRAPHY, ETC. NOTE
Bibliography, etc. note Includes bibliographical references and indexes.
505 8# - FORMATTED CONTENTS NOTE
Formatted contents note Machine generated note: Chapter 1. Care of the Sick: A Historical Overview; Chapter 2.The Influence of Florence Nightingale; Chapter 3.The Evolution of the Trained Nurse,1873-1903; Chapter 4. The Emergence of the Modern Nurse,after 1904; Chapter 5. Major Studies of the Nursing Profession; Chapter 6. The Impact of Social and ScientificChanges Chapter 7. Health Care Delivery: Where?; Chapter 8. Health Care Delivery: Who?; Chapter 9. Nursing as a Profession; Chapter 10. Professional Ethics and the Nurse; Chapter 11. Profile of the Modern Nurse; Chapter 12. Major Issues and Trends in Nursing Education; Chapter 13. Programs in Nursing Education; Chapter 14. Nursing Research Status: Status, Problems, Issues; Chapter 15. Opportunities in Modern Nursing; Chapter 16. Leadership for an Era of Change; Chapter 17. An Introduction to the Law; Chapter 18. The Legislative Process; Chapter 19. Major Legislation Affecting Nursing; Chapter 20. Licensure and Health Personnel Credentialing; Chapter 21. Nursing Practice and the Law; Chapter 22. Health Care and the Rights of People; Chapter 23. Organizational Procedures and Issues; Chapter 24. National Student Nurses' Association; Chapter 25. American Nurses Association; Chapter 26. The Tri-Council for Nursing; Chapter 27. Other Nursing and Related Organizations in the United States; Chapter 28. Major International Organizations; Chapter 29. Making Choices: Job Selection; Chapter 30. Career Management.
520 ## - SUMMARY, ETC.
Summary, etc. "The classic issues and trends textbook that lays the groundwork for a career in nursing Updated to reflect the changing job market Kelly's Dimensions of Professional Nursing, 10e covers all non-clinical nursing topics that students need to know. The text effectively covers the history of nursing, scope of practice, role of the profession in the overall health care delivery system, and other educational, ethical, and legal issues. In addition, this book covers the transition from student to practicing nurse, with material on the various nursing associations, what they do, and how they can help a nurse's career. Features Key Concepts, Critical Issues, Controversial Points and other features highlight important information Provides thorough, up-to-date coverage of licensure requirements, professional ethics, and legal issues important to nurses Ethical Case Studies provide real-life examples to nursing students The author served two terms as President of the American Nurses Association Content that reflects this ever-changing field: Care of the Sick: A Historical Overview; The Influence of Florence Nightingale; The Evolution of the Trained Nurse, 1873-1903; The Emergence of the Modern Nurse, after 1904; Major Studies of the Nursing Profession; The Impact of Social and Scientific Changes; Health Care Delivery: Where?; Health Care Delivery: Who?; Nursing as a Profession; Professional Ethics and the Nurse; Profile of the Modern Nurse; Major Issues and Trends in Nursing Education; Programs in Nursing Education; Nursing Research Status: Status, Problems, Issues; Opportunities in Modern Nursing; Chapter 16. Leadership for an Era of Change; An Introduction to the Law; The Legislative Process; Major Legislation Affecting Nursing; Licensure and Health Personnel Credentialing; Nursing Practice and the Law; Health Care and the Rights of People; Organizational Procedures and Issues; National Student Nurses' Association; American Nurses Association; The Tri-Council for Nursing; Other Nursing and Related Organizations in the United States; Major International Organizations; Making Choices: Job Selection; Career Management"--Provided by publisher.
650 #0 - SUBJECT ADDED ENTRY--TOPICAL TERM
Topical term or geographic name entry element Nursing.
650 #0 - SUBJECT ADDED ENTRY--TOPICAL TERM
Topical term or geographic name entry element Nursing
Geographic subdivision United States.
650 12 - SUBJECT ADDED ENTRY--TOPICAL TERM
Topical term or geographic name entry element Nursing.
700 1# - ADDED ENTRY--PERSONAL NAME
Personal name Kelly, Lucie Young.
906 ## - LOCAL DATA ELEMENT F, LDF (RLIN)
a 7
b cbc
c orignew
d 1
e ecip
f 20
g y-gencatlg
942 ## - ADDED ENTRY ELEMENTS (KOHA)
Source of classification or shelving scheme Library of Congress Classification
Koha item type Books
Edition Tenth edition
Classification part 82
Item part LUC
Call number prefix RT
Holdings
Withdrawn status Lost status Source of classification or shelving scheme Damaged status Not for loan Home library Current library Shelving location Date acquired Source of acquisition Total Checkouts Full call number Barcode Date last seen Copy number Price effective from Koha item type
    Library of Congress Classification     Medical Library Medical Library General Stacks 04/03/2024 Donation   RT82LUC 2011 033197 04/03/2024 c.1 04/03/2024 Books